• 首页
  • 本馆介绍
  • 公告通知
  • 最新文献
  • 馆藏检索
  • 电子资源
  • 读者导购
  • 参考咨询
  • 我的图书馆
  • 登录
  • 详细信息显示
  • 放入我的书架
  • 预约/预借图书
  • 作者相关作品
  • 分类相关作品
  • 丛书相关作品
  • 出版社相关作品

书目信息

  • 表格格式
  • 工作单格式
  • 卡片格式
题名:
大学物理实验
    
 
作者: 秦先明
分册:  
出版信息: 北京   高等教育出版社  2016
页数: 259页
开本: 26cm
丛书名:
单 册:
中图分类: O4-33
科图分类:
主题词: 物理学--wu li xue--实验--高等学校--教材
电子资源:
ISBN: 978-7-04-044484-1
000 01346nam0 2200265 45
001 012001001910
005 20131109114005.0
010    @a978-7-04-044484-1@dCNY29.80
099    @aCAL 012016054506
100    @a20160510d2016 em y0chiy50 ea
101 0  @achi
102    @aCN@b110000
105    @aa z 000yy
106    @ar
200 1  @a大学物理实验@ADa Xue Wu Li Shi Yan@f主编秦先明
210    @a北京@c高等教育出版社@d2016
215    @a259页@c图@d26cm
330    @a本书是根据教育部高等学校物理学与天文学教学指导委员会编制的《理工科类大学物理实验课程教学基本要求》(2010年版)的精神,并结合重庆科技学院教学改革的实际情况编写而成的。全书有六部分:绪论主要阐明物理实验课程的目的是培养学生的创新意识、创新精神和创新能力;第1章介绍测量误差、不确定度、有效数字以及主要的数据处理方法;第2章介绍常用的物理实验仪器;第3章介绍物理实验基本方法;第4章是基础性实验,涵盖了力学、热学、电磁学、光学以及近代物理实验;第5章为综合性实验,目的在于巩固学生在基本实验阶段的学习成果,开阔眼界及思路,提高学生对实验方法和技术的综合运用能力;第7章是设计性实验,目的在于进一步提高学生的综合实验能力。全书共35个实验项目。
333    @a高等学校教材
333    @a本科及以上
606 0  @a物理学@Awu li xue@x实验@x高等学校@j教材
690    @aO4-33@v5
701  0 @a秦先明@AQin Xian Ming
801  0 @aCN@b北京卓展@c20191020
905    @b1199249-52@dO4-33@e1029@f4
    
    大学物理实验/主编秦先明.-北京:高等教育出版社,2016
    259页:图;26cm
    使用对象:高等学校教材.-;本科及以上
    
    ISBN 978-7-04-044484-1:CNY29.80
    本书是根据教育部高等学校物理学与天文学教学指导委员会编制的《理工科类大学物理实验课程教学基本要求》(2010年版)的精神,并结合重庆科技学院教学改革的实际情况编写而成的。全书有六部分:绪论主要阐明物理实验课程的目的是培养学生的创新意识、创新精神和创新能力;第1章介绍测量误差、不确定度、有效数字以及主要的数据处理方法;第2章介绍常用的物理实验仪器;第3章介绍物理实验基本方法;第4章是基础性实验,涵盖了力学、热学、电磁学、光学以及近代物理实验;第5章为综合性实验,目的在于巩固学生在基本实验阶段的学习成果,开阔眼界及思路,提高学生对实验方法和技术的综合运用能力;第7章是设计性实验,目的在于进一步提高学生的综合实验能力。全书共35个实验项目。
●
相关链接 在E读中查询图书 在五车中查询图书 在当当中查询图书 在豆瓣中查询图书


正题名:大学物理实验     索取号:O4-33/1029         预约/预借

序号 登录号 条形码 馆藏地/架位号 状态 备注
1 1199249   211992496   第二样本阅览室/ [索取号:O4-33/1029] 在馆    
2 1199250   211992502   第三借阅区/ [索取号:O4-33/1029] 在馆    
3 1199251   211992511   第三借阅区/ [索取号:O4-33/1029] 在馆    
4 1199252   211992520   第三借阅区/ [索取号:O4-33/1029] 在馆    
唐山师范学院图书馆 欢迎您!
大连网信软件有限公司© 版权所有